Gelingendes Leben: Krise als Chance für Person und Gesellschaft ; "Zauberformel" Inklusion PLUS ; KomplementärKompetenz mit 31 ergänzenden Beiträgen aus interdisziplinärer Sicht
| Corporate Author: | |
|---|---|
| Contributors: | |
| Format: | Print Book |
| Language: | German |
| Subito Delivery Service: | Order now. |
| Check availability: | HBZ Gateway |
| WorldCat: | WorldCat |
| Interlibrary Loan: | Interlibrary Loan for the Fachinformationsdienste (Specialized Information Services in Germany) |
| Published: |
Bielefeld
Bethel-Verlag
[2020]
|
| In: | Year: 2020 |
| Reviews: | [Rezension von: Schuchardt, Erika, Trilogie: Gelingendes Leben - Krise als Chance für Person & Gesellschaft] (2022) (Antes, Peter, 1942 -)
|
| Standardized Subjects / Keyword chains: | B
Crisis management
/ Meaning of life
/ Inclusion (Sociology)
B Society / Meaning of life / Fulfilment |
| IxTheo Classification: | ZB Sociology ZD Psychology |
| Further subjects: | B
Collection of essays
|
| Online Access: |
Table of Contents Blurb |
MARC
| LEADER | 00000cam a2200000 c 4500 | ||
|---|---|---|---|
| 001 | 1828291773 | ||
| 003 | DE-627 | ||
| 005 | 20260327142040.0 | ||
| 007 | tu | ||
| 008 | 221221s2020 gw ||||| 00| ||ger c | ||
| 015 | |a 22,N51 |2 dnb | ||
| 016 | 7 | |a 1275857620 |2 DE-101 | |
| 020 | |a 9783935972598 |q pbk |9 978-3-935972-59-8 | ||
| 024 | 3 | |a 9783935972581 | |
| 035 | |a (DE-627)1828291773 | ||
| 035 | |a (DE-599)DNB1275857620 | ||
| 035 | |a (OCoLC)1367327231 | ||
| 040 | |a DE-627 |b ger |c DE-627 |e rda | ||
| 041 | |a ger | ||
| 044 | |c XA-DE-NW | ||
| 082 | 0 | 4 | |a 000 |q DE-101 |
| 082 | 0 | 4 | |a 248.86 |q DE-101 |
| 082 | 0 | 4 | |a 100 |a 200 |a 370 |a 610 |q DE-101 |
| 084 | |a 0 |2 ssgn | ||
| 084 | |a CC 7260 |2 rvk |0 (DE-625)rvk/17677: | ||
| 084 | |a BK 2000 |q DE-14/sred |2 rvk |0 (DE-625)rvk/11844: | ||
| 084 | |a 77.84 |2 bkl | ||
| 084 | |a 11.62 |2 bkl | ||
| 245 | 0 | 0 | |a Gelingendes Leben |b Krise als Chance für Person und Gesellschaft ; "Zauberformel" Inklusion PLUS ; KomplementärKompetenz mit 31 ergänzenden Beiträgen aus interdisziplinärer Sicht |c Erika Schuchardt |
| 264 | 1 | |a Bielefeld |b Bethel-Verlag |c [2020] | |
| 264 | 4 | |c ©2020 | |
| 300 | |a 412 Seiten |b Illustrationen | ||
| 336 | |a Text |b txt |2 rdacontent | ||
| 337 | |a ohne Hilfsmittel zu benutzen |b n |2 rdamedia | ||
| 338 | |a Band |b nc |2 rdacarrier | ||
| 500 | |a Autoren der 31 ergänzenden Beiträge auf Umschlag zu sehen | ||
| 500 | |a Literaturangaben | ||
| 583 | 1 | |a Archivierung/Langzeitarchivierung gewährleistet |f FID |x XA-DE-BW |2 pdager |5 DE-21 | |
| 601 | |a Zauberformel | ||
| 601 | |a Beitrag | ||
| 652 | |a ZB:ZD | ||
| 655 | 7 | |a Aufsatzsammlung |0 (DE-588)4143413-4 |0 (DE-627)105605727 |0 (DE-576)209726091 |2 gnd-content | |
| 689 | 0 | 0 | |d s |0 (DE-588)4127374-6 |0 (DE-627)104609370 |0 (DE-576)209593105 |2 gnd |a Krisenmanagement |
| 689 | 0 | 1 | |d s |0 (DE-588)4074067-5 |0 (DE-627)106090895 |0 (DE-576)20919233X |2 gnd |a Lebenssinn |
| 689 | 0 | 2 | |d s |0 (DE-588)4696474-5 |0 (DE-627)352687797 |0 (DE-576)215133838 |2 gnd |a Inklusion |g Soziologie |
| 689 | 0 | |5 (DE-627) | |
| 689 | 1 | 0 | |d s |0 (DE-588)4020588-5 |0 (DE-627)106317520 |0 (DE-576)208933956 |2 gnd |a Gesellschaft |
| 689 | 1 | 1 | |d s |0 (DE-588)4074067-5 |0 (DE-627)106090895 |0 (DE-576)20919233X |2 gnd |a Lebenssinn |
| 689 | 1 | 2 | |d s |0 (DE-588)4152748-3 |0 (DE-627)105536024 |0 (DE-576)209797959 |2 gnd |a Erfüllung |
| 689 | 1 | |5 (DE-627) | |
| 700 | 1 | |e HerausgeberIn |0 (DE-588)123907241 |0 (DE-627)085516430 |0 (DE-576)162981228 |4 edt |a Schuchardt, Erika |d 1940- | |
| 710 | 2 | |e Verlag |0 (DE-588)16165929-9 |0 (DE-627)714864609 |0 (DE-576)348098731 |4 pbl |a v. Bodelschwinghsche Stiftungen Bethel | |
| 776 | 1 | |z 9783935972581 |c E-Book | |
| 787 | 0 | 8 | |i Rezensiert in |a Antes, Peter, 1942 - |t [Rezension von: Schuchardt, Erika, Trilogie: Gelingendes Leben - Krise als Chance für Person & Gesellschaft] |d 2022 |w (DE-627)1802143491 |
| 856 | 4 | 2 | |u https://swbplus.bsz-bw.de/bsz1828291773inh.htm |m V:DE-576 |m B:DE-21 |v 20230906193140 |3 Inhaltsverzeichnis |7 1 |
| 856 | 4 | 2 | |u https://swbplus.bsz-bw.de/bsz1828291773kla.htm |m V:DE-576 |m B:DE-21 |v 20230906193140 |3 Klappentext |7 1 |
| 936 | r | v | |a CC 7260 |b Allgemeines |k Philosophie |k Systematische Philosophie |k Ethik |k Angewandte Ethik (Bioethik, Medizinische Ethik, Ethik der einzelnen Wissenschaften) |k Allgemeines |0 (DE-627)1272310515 |0 (DE-625)rvk/17677: |0 (DE-576)202310515 |
| 936 | r | v | |a BK 2000 |b Christliche Existenz allgemein, Ziel des Menschen |k Theologie und Religionswissenschaften |k Theologische Ethik/Moraltheologie |k Allgemeine Moraltheologie/Ethische Grundbegriffe |k Christliche Existenz allgemein, Ziel des Menschen |0 (DE-627)1270724894 |0 (DE-625)rvk/11844: |0 (DE-576)200724894 |
| 936 | b | k | |a 77.84 |j Krisenbewältigung |0 (DE-627)18157196X |
| 936 | b | k | |a 11.62 |j Christliche Ethik |x Religionswissenschaft |0 (DE-627)10640380X |
| 951 | |a BO | ||
| ACO | |a 1 | ||
| ELC | |b 1 | ||
| ITA | |a 1 |t 1 | ||
| LOK | |0 000 xxxxxcx a22 zn 4500 | ||
| LOK | |0 001 4371102816 | ||
| LOK | |0 003 DE-627 | ||
| LOK | |0 004 1828291773 | ||
| LOK | |0 005 20230830135552 | ||
| LOK | |0 008 230830||||||||||||||||ger||||||| | ||
| LOK | |0 040 |a DE-21 |c DE-627 |d DE-21 | ||
| LOK | |0 852 |a DE-21 | ||
| LOK | |0 852 1 |c 63 A 3760 |9 00 | ||
| LOK | |0 935 |a theo | ||
| LOK | |0 938 |a 2308 |f 1 | ||
| LOK | |0 939 |a 2023-08-30 |b l01 | ||
| LOK | |0 000 xxxxxcx a22 zn 4500 | ||
| LOK | |0 001 4425173473 | ||
| LOK | |0 003 DE-627 | ||
| LOK | |0 004 1828291773 | ||
| LOK | |0 005 20231204123622 | ||
| LOK | |0 008 231204||||||||||||||||ger||||||| | ||
| LOK | |0 040 |a DE-Tue135 |c DE-627 |d DE-Tue135 | ||
| LOK | |0 092 |o n | ||
| LOK | |0 852 |a DE-Tue135 | ||
| LOK | |0 852 1 |9 00 | ||
| LOK | |0 936ln |0 1442053747 |a ZD | ||
| LOK | |0 936ln |0 1442053755 |a ZB | ||
| LOK | |0 939 |a 2023-12-04 |b l01 | ||
| ORI | |a TA-MARC-ixtheoa001.raw | ||
| REL | |a 1 | ||
| STA | 0 | 0 | |a Crisis management,Fulfilment,Meaning of life,Meaning of life,Lebenssinn,Society,Society,Society in art |
| STB | 0 | 0 | |a Accomplissement,Satisfaction,Satisfaction,Gestion des crises,Sens de la vie,Sens de la vie,Société,Société |
| STC | 0 | 0 | |a Gestión de crisis,Satisfacción,Plenitud,Plenitud,Sentido de vida,Sentido de vida,Sociedad,Sociedad,Sociedad |
| STD | 0 | 0 | |a Gestione della crisi,Senso della vita,Senso della vita,Società,Società,Soddisfazione,Pienezza,Pienezza |
| STE | 0 | 0 | |a 危机管理,履行,生命的意义,生命的意义,人生的意义,人生的意义,社会 |
| STF | 0 | 0 | |a 危機管理,履行,生命的意義,生命的意義,人生的意義,人生的意義,社會 |
| STG | 0 | 0 | |a Gestão de crise,Satisfação,Plenitude,Plenitude,Senso de vida,Senso de vida,Sociedade,Sociedade |
| STH | 0 | 0 | |a Выполнение,Кризисный менеджер,Общество (мотив),Общество,Смысл жизни (мотив),Смысл жизни |
| STI | 0 | 0 | |a Διαχείριση κρίσεων,Εκπλήρωση,Κοινωνία (μοτίβο),Κοινωνία,Νόημα της ζωής (μοτίβο),Νόημα της ζωής |
| SUB | |a REL | ||
| SYG | 0 | 0 | |a Leben,Sinn des Lebens,Leben , Soziale Inklusion , Society,Bürgergesellschaft,Bürgerliche Gesellschaft , Leben,Sinn des Lebens,Leben |